| 000 | 00335nam a22001217a 4500 | ||
|---|---|---|---|
| 020 | _a9780198090502 | ||
| 082 |
_222 _a005.1 |
||
| 100 | _aBehforooz, Ali and Hudson, Frederick J. | ||
| 245 | _aSoftware engineering fundamentals / | ||
| 260 |
_aNew Delhi, _bOxford, _cc2012. |
||
| 300 |
_axxvi, 661p. ; _bill. ; _c24 cm. |
||
| 942 |
_2ddc _cIT _012 |
||
| 999 |
_c1128 _d1128 |
||